00699nam a2200145 a 4500008004100000050001900041100002000060245014000080260008000220350000900300650001000309995009400319999001700413952012300430100603s2008 ||||||||||||||||| || u aTHESIS/STUDENT aMilongo, George10aRock mechanics aspects of converting from mechanised continous retreat mining method to backfill at Mufulira Mine Site (Mufulira Deeps) aKitwebCopperbelt University, School of Technology, Mining Departmentc2008 a0.00 aMINES D0.00FCBU-MAIN LIBRARY (Kitwe)H1I0.00M1UAVAILABLEWJun 3, 2010ZUniversity Collection c56638d56638 00102lcc4070a001b001cUniversity Collectiond2022-11-30l0oTHESIS/STUDENTp03006374r2022-11-30w2022-11-30y002